000 00626nam a2200217Ia 4500
003 GCL
008 140319s9999 xx 000 0 ara d
040 _aGCL /
_cGCL
082 0 4 _a615.537
_bم ك
100 1 _aمتى طراب
245 1 0 _aكتاب قاموس الطب البيتى فى الامراض ومداواتها /
_cمتى طراب
260 _aبيروت :
_bدار الجيل
300 _a152 ص ؛
_c24 سم
490 _a
650 0 4 _aالطب
650 0 4 _aالطب العربى
650 0 4 _aالامراض
650 0 4 _aالعقاقير
650 0 4 _aالطب المنزلى
942 _2ddc
_cBK
999 _c55019
_d55019